All Pokémon with Stench - Statistics

General Stats
  • This quiz has been taken 5 times
  • The average score is 7 of 9
Answer Stats
(Avail)ability Pokémon % Correct
Hidden Ability Weezing
100%
First Ability Garbodor
75%
First Ability Grimer
75%
Hidden Ability Koffing
75%
First Ability Muk
75%
First Ability Stunky
75%
First Ability Trubbish
75%
Hidden Ability Gloom
50%
First Ability Skuntank
50%
No matching quizzes found
Score Distribution
Percent of People with Each Score
Percentile by Number Answered
Your Score History
You have not taken this quiz